| 000 | 01123cam a2200313 i 4500 | ||
|---|---|---|---|
| 001 | 017911275 | ||
| 003 | EG-ScBUE | ||
| 005 | 20250310091503.0 | ||
| 008 | 160615s2017 enka f b 001 0 eng d | ||
| 020 | _a9781107179868 (hbk.) | ||
| 040 |
_aStDuBDS _beng _erda _cStDuBDS _dEG-ScBUE |
||
| 082 | 0 | 4 |
_a530.12 _bGRI _222 |
| 100 | 1 |
_aGriffiths, David J. _q(David Jeffery), _d1942- _eauthor. |
|
| 245 | 1 | 0 |
_aIntroduction to quantum mechanics / _cDavid J. Griffiths, Reed College, Oregon. |
| 246 | 3 | 0 | _aQuantum mechanics |
| 250 | _aSecond edition. | ||
| 264 | 1 |
_aCambridge : _bCambridge University Press : _bUniversity Printing House, _c2017. |
|
| 300 |
_axi, 468 pages : _billustrations (black and white) ; _c28 cm |
||
| 336 |
_2rdacontent _atext _btxt |
||
| 337 |
_aunmediated _2rdamedia _bn |
||
| 338 |
_avolume _bnc _2rdacarrier |
||
| 500 | _aThis edition originally published : Harlow, Essex: Pearson, 2014. | ||
| 504 | _aIncludes bibliographical references and index. | ||
| 650 | 7 |
_aQuantum theory. _2BUEsh |
|
| 651 | _2BUEsh | ||
| 653 |
_bENGGEN _cOctober2016 |
||
| 655 |
_vReading book _934232 |
||
| 942 |
_2ddc _cBB |
||
| 999 |
_c22803 _d22775 |
||